[Event "Bhubaneswar op-A 14th"]
[Site "Bhubaneswar"]
[Date "2023.06.13"]
[Round "4"]
[White "Nayak, Sajan Kumar"]
[Black "Mokshit, Pasupulety"]
[Result "1-0"]
[WhiteElo "1657"]
[BlackElo "1346"]
[PlyCount "139"]
[EventDate "2023.06.11"]
[EventType "swiss"]
[EventRounds "10"]
[EventCountry "IND"]
[SourceTitle "CBM 214 Extra"]
[Source "ChessBase"]
[SourceDate "2023.07.31"]
[SourceVersion "1"]
[SourceVersionDate "2023.07.31"]
[SourceQuality "1"]

1. d4 Nf6 2. c4 e6 3. Nc3 Bb4 4. f3 d5 5. e3 0-0 6. a3 Bxc3+ 7. bxc3 c5 8. cxd5 Nxd5 9. c4 Nf6 10. Bd3 Nc6 11. Ne2 cxd4 12. exd4 h6 13. Bb2 b6 14. Rc1 Bb7 15. 0-0 Re8 16. Qa4 Nd7 17. Rfd1 Qe7 18. f4 a6 19. Bb1 Rec8 20. Qc2 Nf8 21. Qd3 b5 22. Qg3 f6 23. d5 exd5 24. cxd5 Na5 25. Nd4 Rxc1 26. Rxc1 Kh8 27. Nf5 Qf7 28. Re1 Qg6 29. Re7 Qxg3 30. hxg3 Bxd5 31. Nxg7 Nc6 32. Rc7 Ra7 33. Ne8 Rxc7 34. Nxc7 Bc4 35. Bxf6+ Kg8 36. Nxa6 Kf7 37. Bc3 Nd7 38. Be4 Ne7 39. Nb4 Nc5 40. Bb1 Ke6 41. g4 Be2 42. f5+ Kf7 43. Ba2+ Bc4 44. Kh2 Bxa2 45. Nxa2 h5 46. gxh5 Nxf5 47. g4 Ne3 48. Kh3 Ne4 49. Be1 Ng5+ 50. Kg3 Nf1+ 51. Kf4 Ne6+ 52. Kf3 Nh2+ 53. Kg3 Nf1+ 54. Kg2 Ne3+ 55. Kf3 Nc4 56. Nc3 Nxa3 57. Nd5 Nc4 58. Bc3 Ng5+ 59. Kf4 Ne6+ 60. Kf5 Nd6+ 61. Ke5 Nc4+ 62. Ke4 Nd6+ 63. Ke3 Nc4+ 64. Kd3 Nc5+ 65. Kd4 Ne6+ 66. Kd3 Nc5+ 67. Kc2 Na6 68. g5 b4 69. g6+ Kg8 70. Ne7+ 1-0

[Event "IND-chT 38th"]
[Site "Bhubaneswar"]
[Date "2018.02.13"]
[Round "8.1"]
[White "Nayak, Sajan Kumar"]
[Black "Sengupta, Deep"]
[Result "0-1"]
[WhiteElo "1719"]
[BlackElo "2572"]
[PlyCount "112"]
[EventDate "2018.02.08"]
[EventType "team-swiss"]
[EventRounds "9"]
[EventCountry "IND"]
[SourceTitle "CBM 182 Extra"]
[Source "ChessBase"]
[SourceDate "2018.02.23"]
[SourceVersion "1"]
[SourceVersionDate "2018.02.23"]
[SourceQuality "1"]
[WhiteTeam "Odisha KIIT"]
[BlackTeam "Petroleum Sports"]
[WhiteTeamCountry "IND"]
[BlackTeamCountry "IND"]

1. d4 Nf6 2. Nf3 b6 3. Bf4 Bb7 4. e3 g6 5. Nbd2 Bg7 6. Bd3 d6 7. 0-0 Nbd7 8. Qe2 0-0 9. e4 Nh5 10. Bg5 h6 11. Be3 e5 12. dxe5 dxe5 13. g3 Nhf6 14. Nh4 Qe7 15. f3 Nc5 16. Bc4 Kh7 17. c3 Nfd7 18. a4 a5 19. Rfe1 Rfd8 20. Nf1 Ne6 21. Bf2 Ndc5 22. Ne3 c6 23. Kh1 Rd7 24. b3 Rad8 25. Rad1 Ng5 26. Rxd7 Rxd7 27. Rd1 Bc8 28. Be1 h5 29. Ra1 Qd8 30. Nd1 Rd6 31. Nb2 Be6 32. b4 Nb3 33. Bxb3 Bxb3 34. bxa5 bxa5 35. c4 Ne6 36. Qe3 Nd4 37. Qc3 Nc2 38. Rc1 Nxe1 39. Rxe1 Bd1 40. Ng2 Bh6 41. Ne3 Bxf3+ 42. Kg1 Bxe4 43. c5 Rd4 44. Nbc4 Bg7 45. Nxa5 Rxa4 46. Nb7 Qd4 47. Qb3 Bd5 48. Qd1 e4 49. Kh1 Qb4 50. Nxd5 cxd5 51. c6 Ra1 52. Qxa1 Bxa1 53. Rxa1 Qc3 54. Rf1 f5 55. Nd8 e3 56. c7 e2 0-1

[Event "IND-chT 38th"]
[Site "Bhubaneswar"]
[Date "2018.02.11"]
[Round "5.3"]
[White "Rajesh, VAV"]
[Black "Nayak, Sajan Kumar"]
[Result "1-0"]
[WhiteElo "2315"]
[BlackElo "1719"]
[PlyCount "107"]
[EventDate "2018.02.08"]
[EventType "team-swiss"]
[EventRounds "9"]
[EventCountry "IND"]
[SourceTitle "CBM 182 Extra"]
[Source "ChessBase"]
[SourceDate "2018.02.23"]
[SourceVersion "1"]
[SourceVersionDate "2018.02.23"]
[SourceQuality "1"]
[WhiteTeam "Airports Authority"]
[BlackTeam "Odisha KIIT"]
[WhiteTeamCountry "IND"]
[BlackTeamCountry "IND"]

1. d4 Nf6 2. c4 e6 3. Nc3 d5 4. cxd5 exd5 5. Nf3 c6 6. Bg5 Nbd7 7. e3 Bd6 8. Bd3 h6 9. Bh4 0-0 10. 0-0 Qc7 11. Qc2 Ng4 12. h3 Nh2 13. Nxh2 Bxh2+ 14. Kh1 Bd6 15. f4 Nb6 16. Rae1 f5 17. Ne2 Qf7 18. Ng1 Be6 19. Nf3 Rac8 20. Qd2 c5 21. dxc5 Rxc5 22. Nd4 Bd7 23. Rc1 Nc4 24. Qf2 Re8 25. Rce1 Ra5 26. b3 Na3 27. Qd2 b6 28. Rd1 Qf8 29. Be1 Rc5 30. Qe2 Rc7 31. Qh5 Rxe3 32. Bxf5 Be8 33. Be6+ Rxe6 34. Qxd5 Rc5 35. Qxe6+ Bf7 36. Qe3 Rh5 37. Bc3 Bc5 38. Qf3 Rd5 39. f5 Bxd4 40. Rxd4 Rxd4 41. Bxd4 Nb5 42. Be5 Qe7 43. Qg3 Qg5 44. Qxg5 hxg5 45. Rd1 a6 46. Rd8+ Kh7 47. Rd7 Kg8 48. Kg1 Na3 49. Kf2 Nc2 50. Bc3 a5 51. Ke2 a4 52. bxa4 Na3 53. Rxf7 Kxf7 54. Kd3 1-0

[Event "Asia Cities-ch 20th"]
[Site "Bhubaneswar"]
[Date "2017.09.01"]
[Round "9.4"]
[White "Looi, Xin Hao"]
[Black "Nayak, Sajan Kumar"]
[Result "1-0"]
[WhiteElo "2073"]
[BlackElo "1698"]
[PlyCount "58"]
[EventDate "2017.08.26"]
[EventType "team-swiss"]
[EventRounds "9"]
[EventCountry "IND"]
[SourceTitle "CBM 180 Extra"]
[Source "ChessBase"]
[SourceDate "2017.10.06"]
[SourceVersion "1"]
[SourceVersionDate "2017.10.06"]
[SourceQuality "1"]
[WhiteTeam "Penang"]
[BlackTeam "Bhubaneswar KISS"]
[WhiteTeamCountry "MAS"]
[BlackTeamCountry "IND"]

1. d4 Nf6 2. Nf3 g6 3. Nbd2 Bg7 4. e4 d6 5. Bd3 0-0 6. 0-0 Nbd7 7. Qe2 e5 8. dxe5 dxe5 9. Rd1 Qe7 10. Nc4 Nh5 11. c3 Nf4 12. Bxf4 exf4 13. Nd4 Ne5 14. Nxe5 Bxe5 15. f3 c5 16. Nb3 g5 17. Bc4 h5 18. a4 g4 19. a5 Rb8 20. Rd5 b6 21. Rad1 Qf6 22. Nc1 Be6 23. R5d2 gxf3 24. gxf3 Bh3 25. Nd3 Rbe8 26. Kh1 Kh8 27. Nf2 Bc8 28. Bb5 Re6 29. axb6 axb6 1-0

[Event "Asia Cities-ch 20th"]
[Site "Bhubaneswar"]
[Date "2017.08.30"]
[Round "7.2"]
[White "Nayak, Sajan Kumar"]
[Black "Tahbaz, Arash"]
[Result "0-1"]
[WhiteElo "1698"]
[BlackElo "2381"]
[PlyCount "112"]
[EventDate "2017.08.26"]
[EventType "team-swiss"]
[EventRounds "9"]
[EventCountry "IND"]
[SourceTitle "CBM 180 Extra"]
[Source "ChessBase"]
[SourceDate "2017.10.06"]
[SourceVersion "1"]
[SourceVersionDate "2017.10.06"]
[SourceQuality "1"]
[WhiteTeam "Bhubaneswar KISS"]
[BlackTeam "Rasht"]
[WhiteTeamCountry "IND"]
[BlackTeamCountry "IRI"]

1. d4 Nf6 2. Nf3 g6 3. Bf4 Bg7 4. e3 0-0 5. Nbd2 d6 6. c3 Nbd7 7. e4 Re8 8. Be2 e5 9. dxe5 dxe5 10. Be3 b6 11. 0-0 Bb7 12. Qc2 Qe7 13. b4 h6 14. h3 Nh5 15. g3 Nhf6 16. Rfd1 Rec8 17. Ne1 Ne8 18. f3 Nef6 19. Nf1 Ne8 20. Qd2 Nf8 21. Bxh6 Bxh6 22. Qxh6 a5 23. a3 axb4 24. axb4 c5 25. b5 Rxa1 26. Rxa1 Nd6 27. c4 Ne6 28. Ne3 Nd4 29. Bd3 Rd8 30. Ra7 Nc8 31. Rxb7 Qxb7 32. Nd5 Rxd5 33. exd5 Qe7 34. Kg2 Nd6 35. g4 Qf6 36. Qe3 g5 37. Kg3 Qe7 38. Kf2 Qf6 39. Kg3 Qg7 40. Kf2 f6 41. Kg2 Qa7 42. Qd2 Qa1 43. h4 gxh4 44. Qh6 Qxe1 45. Bh7+ Kf7 46. Bg6+ Ke7 47. Qg7+ Kd8 48. Qxf6+ Kc7 49. Qe7+ Kc8 50. Qf8+ Kb7 51. Qe7+ Ka8 52. Qd8+ Ka7 53. Qc7+ Nb7 54. Be4 Qe2+ 55. Kh3 Qe1 56. Qxe5 Qh1+ 0-1

[Event "Asia Cities-ch 20th"]
[Site "Bhubaneswar"]
[Date "2017.08.29"]
[Round "5.5"]
[White "Dawabsha, Taha"]
[Black "Nayak, Sajan Kumar"]
[Result "1-0"]
[WhiteElo "1909"]
[BlackElo "1698"]
[PlyCount "143"]
[EventDate "2017.08.26"]
[EventType "team-swiss"]
[EventRounds "9"]
[EventCountry "IND"]
[SourceTitle "CBM 180 Extra"]
[Source "ChessBase"]
[SourceDate "2017.10.06"]
[SourceVersion "1"]
[SourceVersionDate "2017.10.06"]
[SourceQuality "1"]
[WhiteTeam "Alquds"]
[BlackTeam "Bhubaneswar KISS"]
[WhiteTeamCountry "PLE"]
[BlackTeamCountry "IND"]

1. c4 d6 2. Nf3 g6 3. Nc3 Bg7 4. g3 c5 5. d4 cxd4 6. Nxd4 Nc6 7. Nxc6 bxc6 8. Bg2 Bd7 9. Qc2 Nh6 10. 0-0 Nf5 11. Ne4 Rb8 12. Rb1 Nd4 13. Qd1 Qa5 14. e3 Ne6 15. a3 c5 16. Bd2 Qa4 17. Qxa4 Bxa4 18. b4 Bc2 19. Rbc1 Bd3 20. b5 f5 21. Nc3 Bxc4 22. Bc6+ Kf7 23. Rfe1 Nc7 24. Rb1 Rhd8 25. a4 d5 26. Ne2 g5 27. Ba5 Be5 28. Nc1 Rf8 29. f4 gxf4 30. exf4 Bd6 31. Nb3 Bxb3 32. Rxb3 e6 33. Rbe3 Rfe8 34. Bd7 Re7 35. Bxc7 Rxd7 36. Bxb8 Bxb8 37. Rxe6 Bc7 38. Re8 d4 39. Rh8 Kg7 40. Ree8 d3 41. Rhg8+ Kf6 42. Rgf8+ Rf7 43. Kf2 c4 44. Ke3 Bb6+ 45. Kd2 Ba5+ 46. Kc1 Rxf8 47. Rxf8+ Ke6 48. Rh8 Kd5 49. Rxh7 c3 50. Rxa7 Bb6 51. Re7 Kc4 52. Re6 Bd4 53. b6 Kb3 54. b7 d2+ 55. Kd1 c2+ 56. Kxd2 Bc3+ 57. Ke2 c1Q 58. b8Q+ Ka2 59. Qd6 Qc2+ 60. Kf3 Qb1 61. Re2+ Bb2 62. Qe5 Qh1+ 63. Ke3 Qg1+ 64. Kd3 Qd1+ 65. Kc4 Qxa4+ 66. Kd5 Qd7+ 67. Kc5 Qa7+ 68. Kd6 Qb8+ 69. Ke6 Qc8+ 70. Ke7 Qb7+ 71. Kf6 Qc6+ 72. Kxf5 1-0

[Event "Asia Cities-ch 20th"]
[Site "Bhubaneswar"]
[Date "2017.08.27"]
[Round "3.6"]
[White "Al Houti, Houd"]
[Black "Nayak, Sajan Kumar"]
[Result "0-1"]
[WhiteElo "1783"]
[BlackElo "1698"]
[PlyCount "104"]
[EventDate "2017.08.26"]
[EventType "team-swiss"]
[EventRounds "9"]
[EventCountry "IND"]
[SourceTitle "CBM 180 Extra"]
[Source "ChessBase"]
[SourceDate "2017.10.06"]
[SourceVersion "1"]
[SourceVersionDate "2017.10.06"]
[SourceQuality "1"]
[WhiteTeam "Muscat"]
[BlackTeam "Bhubaneswar KISS"]
[WhiteTeamCountry "OMN"]
[BlackTeamCountry "IND"]

1. d4 Nf6 2. Bf4 g6 3. Nc3 Bg7 4. e4 d6 5. Qd2 Nbd7 6. 0-0-0 c5 7. dxc5 Nxc5 8. f3 Qa5 9. Bh6 0-0 10. Bxg7 Kxg7 11. Bc4 Bd7 12. Kb1 Rab8 13. g4 b5 14. Bb3 Nxb3 15. cxb3 b4 16. Nd5 Nxd5 17. Qxd5 Rb5 18. Qd4+ Kg8 19. Ne2 Rb6 20. h4 Ra6 21. Nc1 Rc8 22. g5 Be6 23. Qe3 Rxc1+ 24. Kxc1 Qxa2 25. Kd2 Qxb2+ 26. Ke1 Ra2 27. h5 Bxb3 28. Rc1 Ra1 29. Rxa1 Qxa1+ 30. Kf2 Qxh1 31. Qxb3 Qxh5 32. Qxb4 Qxg5 33. Qb8+ Kg7 34. Qb2+ Qe5 35. Qb3 a5 36. Qa4 Qc5+ 37. Kg3 e5 38. f4 Qe3+ 39. Kg2 Qxf4 40. Qxa5 Qxe4+ 41. Kh3 Qf3+ 42. Kh4 Qf4+ 43. Kh3 e4 44. Qc3+ Qe5 45. Qc7 e3 46. Qc1 e2 47. Qe1 d5 48. Kg4 d4 49. Kf3 d3 50. Kg4 d2 51. Qxd2 e1Q 52. Qa2 Q1g3# 0-1

[Event "Asia Cities-ch 20th"]
[Site "Bhubaneswar"]
[Date "2017.08.27"]
[Round "2.5"]
[White "Baivab, Mishra"]
[Black "Nayak, Sajan Kumar"]
[Result "1-0"]
[WhiteElo "2074"]
[BlackElo "1698"]
[PlyCount "113"]
[EventDate "2017.08.26"]
[EventType "team-swiss"]
[EventRounds "9"]
[EventCountry "IND"]
[SourceTitle "CBM 180 Extra"]
[Source "ChessBase"]
[SourceDate "2017.10.06"]
[SourceVersion "1"]
[SourceVersionDate "2017.10.06"]
[SourceQuality "1"]
[WhiteTeam "Puri"]
[BlackTeam "Bhubaneswar KISS"]
[WhiteTeamCountry "IND"]
[BlackTeamCountry "IND"]

1. e4 e6 2. d4 d5 3. Nd2 dxe4 4. Nxe4 Nd7 5. g3 Be7 6. Bg2 Ngf6 7. Nxf6+ Nxf6 8. Nf3 c5 9. 0-0 0-0 10. c4 Qb6 11. Qb3 Rd8 12. dxc5 Qxb3 13. axb3 Bxc5 14. Bg5 h6 15. Bxf6 gxf6 16. Rfd1 Bd7 17. Ne1 Bc6 18. Bxc6 bxc6 19. Nd3 Bd4 20. Ra6 Rac8 21. b4 e5 22. Kf1 Kf8 23. Ke2 Ke7 24. Rd2 f5 25. b3 f6 26. Rda2 Rc7 27. Ne1 Rdd7 28. Nd3 Kf7 29. Rc2 Ke7 30. c5 Kf7 31. Rc4 h5 32. h4 Kg7 33. Ne1 e4 34. Rc2 Kf7 35. Ng2 Be5 36. Ne3 f4 37. gxf4 Bxf4 38. Nc4 Re7 39. Rca2 Kg6 40. Ra1 Kf7 41. Rd1 Ke8 42. Nd6+ Kf8 43. Nf5 Re8 44. Rd4 Re5 45. Rd8+ Re8 46. Rd1 Be5 47. Nd4 Bxd4 48. Rxd4 Re6 49. Ke3 f5 50. b5 Kf7 51. Rd6 Re5 52. Kd4 Ree7 53. Raxc6 Rb7 54. b6 axb6 55. Rxb6 Ra7 56. Rf6+ Ke8 57. Rxf5 1-0

[Event "Asia Cities-ch 20th"]
[Site "Bhubaneswar"]
[Date "2017.08.26"]
[Round "1.6"]
[White "Nayak, Sajan Kumar"]
[Black "Sambarta, Banerjee"]
[Result "0-1"]
[WhiteElo "1698"]
[BlackElo "1710"]
[PlyCount "46"]
[EventDate "2017.08.26"]
[EventType "team-swiss"]
[EventRounds "9"]
[EventCountry "IND"]
[SourceTitle "CBM 180 Extra"]
[Source "ChessBase"]
[SourceDate "2017.10.06"]
[SourceVersion "1"]
[SourceVersionDate "2017.10.06"]
[SourceQuality "1"]
[WhiteTeam "Bhubaneswar KISS"]
[BlackTeam "Kolkata"]
[WhiteTeamCountry "IND"]
[BlackTeamCountry "IND"]

1. d4 Nf6 2. Nf3 d6 3. Bf4 Nbd7 4. e3 g6 5. Nbd2 Bg7 6. c3 0-0 7. e4 c6 8. Be2 Nh5 9. Be3 e5 10. dxe5 dxe5 11. g3 Qe7 12. Nh4 Nhf6 13. h3 Nc5 14. Qc2 Be6 15. b4 Ncxe4 16. Nxe4 Nxe4 17. Qxe4 Bd5 18. Qc2 Bxh1 19. 0-0-0 Bd5 20. c4 Be6 21. Bc5 Qg5+ 22. Be3 Qf6 23. Rd6 Rfd8 0-1